Návrh a implementácia aplikačného firewallu pre Kubernetes ekosystém

Salvato in:
Dettagli Bibliografici
Autore principale: Vonšák, Jana (Autore)
Altri autori: Kebísek, Michal (Relatore della tesi)
Natura: Manoscritto Libro
Lingua:slovacco
Pubblicazione: 2025
Soggetti:
Accesso online:http://is.stuba.sk/zp/portal_zp.pl?podrobnosti=183960
Tags: Aggiungi Tag
Nessun Tag, puoi essere il primo ad aggiungerne!!

MARC

LEADER 00000ntm a22000003a 4500
001 stuzp102095
003 SK-STU
005 20250614210950.2
007 ta
008 150427s2015----xo-----f-mn---000-0-slo-d
040 |a STU  |b slo 
041 0 |a slo 
100 1 |a Vonšák, Jana  |u 066000  |4 aut  |U MTF Materiálovotechnologická fakulta  |T MTF Ústav aplikovanej informatiky, automatizácie a mechatroniky  |X 111960  |U M6000  |Y 86  |7 111960 
242 0 1 |a Proposal and implementation of an application firewall for the Kubernetes ecosystem  |y eng 
245 1 0 |a Návrh a implementácia aplikačného firewallu pre Kubernetes ekosystém 
260 |c 2025 
650 4 |a automation  |2 eng 
650 4 |a cyber security  |2 eng 
650 4 |a firewall  |2 eng 
650 4 |a waf  |2 eng 
650 4 |a security  |2 eng 
650 4 |a kubernetes  |2 eng 
650 4 |a waf  |2 slo 
650 4 |a automatizácia  |2 slo 
650 4 |a kybernetická bezpečnosť  |2 slo 
650 4 |a firewall  |2 slo 
650 4 |a kubernetes  |2 slo 
650 4 |a bezpečnosť  |2 slo 
700 1 |a Kebísek, Michal  |u 066000  |k Z1  |4 ths  |U MTF Materiálovotechnologická fakulta  |T MTF Ústav aplikovanej informatiky, automatizácie a mechatroniky  |X 2798  |U M6000  |Y 86  |7 A000002798 
856 4 |u http://is.stuba.sk/zp/portal_zp.pl?podrobnosti=183960 
996 |c M* DP-15672  |l MMSKP  |s P  |a 0  |w stuzp102095_0001